[Event "Stay Safe Play From Home 245"]
[Site "Emanuel Lasker Arena"]
[Date "2020.06.22"]
[Round "2"]
[White "Bardellosport"]
[Black "Shyamph1980"]
[Result "0-1"]
[WhiteElo "2042"]
[BlackElo "1505"]
[Annotator "NA"]
[PlyCount "108"]
[EventDate "2020.06.22"]
[EventType "swiss (blitz)"]

1. d4 {[%emt 0:00:01]} d5 {[%emt 0:00:01]} 2. e3 {[%emt 0:00:00]} c6 {[%emt 0:00:01]} 3. Nf3 {[%emt 0:00:00]} Bg4 {[%emt 0:00:01]} 4. b3 {[%emt 0:00:01]} Nd7 {[%emt 0:00:01]} 5. Bb2 {[%emt 0:00:01]} Qc7 {[%emt 0:00:01]} 6. Be2 {[%emt 0:00:00]} Ngf6 {[%emt 0:00:01]} 7. O-O {[%emt 0:00:01]} g6 {[%emt 0:00:01]} 8. h3 {[%emt 0:00:01]} Bxf3 {[%emt 0:00:03]} 9. Bxf3 {[%emt 0:00:01]} Bg7 {[%emt 0:00:00]} 10. c4 {[%emt 0:00:01]} O-O {[%emt 0:00:02]} 11. cxd5 {[%emt 0:00:01]} Nxd5 {[%emt 0:00:01]} 12. Nc3 {[%emt 0:00:01]} Nxc3 {[%emt 0:00:02]} 13. Bxc3 {[%emt 0:00:00]} Nf6 {[%emt 0:00:01]} 14. Rc1 {[%emt 0:00:01]} e6 {[%emt 0:00:01]} 15. Qd2 {[%emt 0:00:01]} Qb6 {[%emt 0:00:02]} 16. Be2 {[%emt 0:00:01]} Ne4 {[%emt 0:00:02]} 17. Qd1 {[%emt 0:00:02]} Nxc3 {[%emt 0:00:01]} 18. Rxc3 {[%emt 0:00:01]} Qa5 {[%emt 0:00:00]} 19. Qc2 {[%emt 0:00:01]} Rac8 {[%emt 0:00:03]} 20. Bc4 {[%emt 0:00:01]} b5 {[%emt 0:00:02]} 21. Bd3 {[%emt 0:00:01]} c5 {[%emt 0:00:01]} 22. dxc5 {[%emt 0:00:01]} Bxc3 {[%emt 0:00:02]} 23. Qe2 {[%emt 0:00:01]} Rxc5 {[%emt 0:00:04]} 24. Rd1 {[%emt 0:00:01]} Rd8 {[%emt 0:00:01]} 25. g4 {[%emt 0:00:02]} Rcd5 {[%emt 0:00:01]} 26. Bc2 {[%emt 0:00:02]} Rxd1+ {[%emt 0:00:02]} 27. Bxd1 {[%emt 0:00:00]} Rxd1+ {[%emt 0:00:01]} 28. Qxd1 {[%emt 0:00:00]} Qxa2 {[%emt 0:00:01]} 29. Qf1 {[%emt 0:00:03]} Qxb3 {[%emt 0:00:02]} 30. Kg2 {[%emt 0:00:01]} a5 {[%emt 0:00:01]} 31. Qd3 {[%emt 0:00:01]} Qd5+ {[%emt 0:00:01]} 32. Qxd5 {[%emt 0:00:02]} exd5 {[%emt 0:00:00]} 33. Kf1 {[%emt 0:00:00]} b4 {[%emt 0:00:00]} 34. Ke2 {[%emt 0:00:00]} b3 {[%emt 0:00:00]} 35. Kd3 {[%emt 0:00:00]} Bb4 {[%emt 0:00:01]} 36. f3 {[%emt 0:00:02]} a4 {[%emt 0:00:00]} 37. e4 {[%emt 0:00:02]} a3 {[%emt 0:00:00]} 38. exd5 {[%emt 0:00:04]} b2 {[%emt 0:00:01]} 39. Kc4 {[%emt 0:00:00]} b1=Q {[%emt 0:00:01]} 40. d6 {[%emt 0:00:01]} Qa2+ {[%emt 0:00:01]} 41. Kb5 {[%emt 0:00:01]} Qe6 {[%emt 0:00:01]} 42. Kc6 {[%emt 0:00:00]} Qxd6+ {[%emt 0:00:01]} 43. Kb5 {[%emt 0:00:01]} f5 {[%emt 0:00:01]} 44. Kc4 {[%emt 0:00:00]} fxg4 {[%emt 0:00:01]} 45. hxg4 {[%emt 0:00:01]} Qf4+ {[%emt 0:00:01]} 46. Kb3 {[%emt 0:00:00]} Qxf3+ {[%emt 0:00:01]} 47. Ka2 {[%emt 0:00:00]} Qxg4 {[%emt 0:00:00]} 48. Kb3 {[%emt 0:00:00]} h5 {[%emt 0:00:01]} 49. Ka2 {[%emt 0:00:00]} h4 {[%emt 0:00:00]} 50. Kb3 {[%emt 0:00:00]} h3 {[%emt 0:00:00]} 51. Ka2 {[%emt 0:00:00]} Qf3 {[%emt 0:00:00]} 52. Kb1 {[%emt 0:00:01]} Qe2 {[%emt 0:00:01]} 53. Kc1 {[%emt 0:00:01]} h2 {[%emt 0:00:00]} 54. Kb1 {[%emt 0:00:00]} h1=Q# {[%emt 0:00:00] (Lag: Av=0.60s, max=0.9s)} 0-1

[Event "Stay Safe Play From Home 245"]
[Site "Emanuel Lasker Arena"]
[Date "2020.06.22"]
[Round "2"]
[White "Justwatch"]
[Black "AChessPlayer"]
[Result "0-1"]
[WhiteElo "1838"]
[BlackElo "2358"]
[PlyCount "66"]
[EventDate "2020.06.22"]
[EventType "swiss (blitz)"]

1. e3 {[%emt 0:00:03]} c6 {[%emt 0:00:01]} 2. d4 {[%emt 0:00:00]} g6 {[%emt 0:00:00]} 3. Nc3 {[%emt 0:00:00]} Bg7 {[%emt 0:00:00]} 4. Nf3 {[%emt 0:00:00]} Nf6 {[%emt 0:00:01]} 5. Bc4 {[%emt 0:00:00]} O-O {[%emt 0:00:00]} 6. Ne5 {[%emt 0:00:00]} d5 {[%emt 0:00:00]} 7. Bd3 {[%emt 0:00:01]} Nbd7 {[%emt 0:00:00]} 8. Nf3 {[%emt 0:00:00]} Re8 {[%emt 0:00:01]} 9. Ne2 {[%emt 0:00:00]} e5 {[%emt 0:00:01]} 10. Ng3 {[%emt 0:00:00]} e4 {[%emt 0:00:01]} 11. Bxe4 {[%emt 0:00:00]} dxe4 {[%emt 0:00:00]} 12. Nd2 {[%emt 0:00:02]} c5 {[%emt 0:00:03]} 13. c4 {[%emt 0:00:00]} cxd4 {[%emt 0:00:01]} 14. exd4 {[%emt 0:00:00]} e3 {[%emt 0:00:00]} 15. fxe3 {[%emt 0:00:01]} Rxe3+ {[%emt 0:00:02]} 16. Ne2 {[%emt 0:00:00]} Qe8 {[%emt 0:00:01]} 17. Nf3 {[%emt 0:00:02]} Nb6 {[%emt 0:00:01]} 18. Bxe3 {[%emt 0:00:01]} Qxe3 {[%emt 0:00:02]} 19. Qd2 {[%emt 0:00:03]} Nxc4 {[%emt 0:00:03]} 20. Qxe3 {[%emt 0:00:01]} Nxe3 {[%emt 0:00:00]} 21. Kd2 {[%emt 0:00:00]} Nxg2 {[%emt 0:00:01]} 22. Rhg1 {[%emt 0:00:02]} Ne4+ {[%emt 0:00:01]} 23. Kd3 {[%emt 0:00:01]} Nf2+ {[%emt 0:00:01]} 24. Kd2 {[%emt 0:00:01]} Ne4+ {[%emt 0:00:03]} 25. Kd3 {[%emt 0:00:01]} Bf5 {[%emt 0:00:00]} 26. Rxg2 {[%emt 0:00:01]} Ng5+ {[%emt 0:00:01]} 27. Kc4 {[%emt 0:00:01]} Nxf3 {[%emt 0:00:01]} 28. Nf4 {[%emt 0:00:01]} Rc8+ {[%emt 0:00:00]} 29. Kb3 {[%emt 0:00:01]} Nxd4+ {[%emt 0:00:01]} 30. Ka3 {[%emt 0:00:06]} Bf8+ {[%emt 0:00:01]} 31. b4 {[%emt 0:00:01]} Rc3+ {[%emt 0:00:01]} 32. Ka4 {[%emt 0:00:01]} b5+ {[%emt 0:00:01]} 33. Ka5 {[%emt 0:00:01]} Ra3# {[%emt 0:00:00] (Lag: Av=0.40s, max=1.0s)} 0-1

[Event "Stay Safe Play From Home 245"]
[Site "Emanuel Lasker Arena"]
[Date "2020.06.22"]
[Round "2"]
[White "Trotsky"]
[Black "grazie"]
[Result "1-0"]
[WhiteElo "1544"]
[BlackElo "1778"]
[Annotator "NA"]
[PlyCount "45"]
[EventDate "2020.06.22"]
[EventType "swiss (blitz)"]

1. d4 {[%emt 0:00:02]} e6 {[%emt 0:00:00]} 2. e3 {[%emt 0:00:00]} d5 {[%emt 0:00:00]} 3. c4 {[%emt 0:00:01]} Nf6 {[%emt 0:00:00]} 4. Nc3 {[%emt 0:00:01]} Bb4 {[%emt 0:00:01]} 5. Nf3 {[%emt 0:00:01]} Bxc3+ {[%emt 0:00:00]} 6. bxc3 {[%emt 0:00:01]} dxc4 {[%emt 0:00:00]} 7. Bxc4 {[%emt 0:00:01]} O-O {[%emt 0:00:00]} 8. Bd3 {[%emt 0:00:01]} a6 {[%emt 0:00:00]} 9. Qc2 {[%emt 0:00:01]} Nbd7 {[%emt 0:00:01]} 10. Ng5 {[%emt 0:00:01]} h6 {[%emt 0:00:01]} 11. h4 {[%emt 0:00:01]} c5 {[%emt 0:00:01]} 12. Bd2 {[%emt 0:00:03]} b5 {[%emt 0:00:01]} 13. e4 {[%emt 0:00:01]} Bb7 {[%emt 0:00:02]} 14. e5 {[%emt 0:00:01]} Nd5 {[%emt 0:00:01]} 15. Bh7+ {[%emt 0:00:01]} Kh8 {[%emt 0:00:01]} 16. Bg8 {[%emt 0:00:01]} N7f6 {[%emt 0:00:07]} 17. exf6 {[%emt 0:00:02]} Nxf6 {[%emt 0:00:01]} 18. f3 {[%emt 0:00:03]} Kxg8 {[%emt 0:00:02]} 19. O-O-O {[%emt 0:00:03]} cxd4 {[%emt 0:00:01]} 20. Be3 {[%emt 0:00:13]} Rc8 {[%emt 0:00:08]} 21. Bxd4 {[%emt 0:00:02]} Bd5 {[%emt 0:00:06]} 22. Bxf6 {[%emt 0:00:01]} hxg5 {[%emt 0:00:01]} 23. hxg5 {[%emt 0:00:03] grazie gibt auf (Lag: Av=0.30s, max=0.4s)} 1-0

[Event "Stay Safe Play From Home 245"]
[Site "Emanuel Lasker Arena"]
[Date "2020.06.22"]
[Round "2"]
[White "Klasman"]
[Black "Bishop91"]
[Result "0-1"]
[WhiteElo "1233"]
[BlackElo "1753"]
[Annotator "NA"]
[PlyCount "42"]
[EventDate "2020.06.22"]
[EventType "swiss (blitz)"]

1. f4 {[%emt 0:00:25]} Nf6 {[%emt 0:00:00]} 2. Nf3 {[%emt 0:00:02]} d5 {[%emt 0:00:01]} 3. d4 {[%emt 0:00:01]} Bg4 {[%emt 0:00:00]} 4. e3 {[%emt 0:00:01]} Ne4 {[%emt 0:00:02]} 5. Be2 {[%emt 0:00:02]} e6 {[%emt 0:00:01]} 6. Ne5 {[%emt 0:00:02]} Bxe2 {[%emt 0:00:02]} 7. Qxe2 {[%emt 0:00:01]} Bd6 {[%emt 0:00:01]} 8. O-O {[%emt 0:00:03]} Bxe5 {[%emt 0:00:01]} 9. fxe5 {[%emt 0:00:01]} Qe7 {[%emt 0:00:01]} 10. Nc3 {[%emt 0:00:01]} Nxc3 {[%emt 0:00:02]} 11. bxc3 {[%emt 0:00:01]} Nc6 {[%emt 0:00:00]} 12. a4 {[%emt 0:00:01]} O-O {[%emt 0:00:01]} 13. Ba3 {[%emt 0:00:01]} Qe8 {[%emt 0:00:03]} 14. Qf3 {[%emt 0:00:06]} Qd7 {[%emt 0:00:01]} 15. Bxf8 {[%emt 0:00:02]} Rxf8 {[%emt 0:00:00]} 16. Rab1 {[%emt 0:00:02]} b6 {[%emt 0:00:02]} 17. e4 {[%emt 0:00:01]} a6 {[%emt 0:00:01]} 18. exd5 {[%emt 0:00:01]} exd5 {[%emt 0:00:00]} 19. c4 {[%emt 0:00:02]} dxc4 {[%emt 0:00:01]} 20. c3 {[%emt 0:00:01]} Nxd4 {[%emt 0:00:01]} 21. cxd4 {[%emt 0:00:01]} c6 {[%emt 0:00:00] Time (Lag: Av=0.38s, max=0.7s)} 0-1

[Event "Stay Safe Play From Home 245"]
[Site "Emanuel Lasker Arena"]
[Date "2020.06.22"]
[Round "3"]
[White "AChessPlayer"]
[Black "Mepe_Nika"]
[Result "1-0"]
[WhiteElo "2360"]
[BlackElo "2322"]
[Annotator "TA"]
[PlyCount "109"]
[EventDate "2020.06.22"]
[EventType "swiss (blitz)"]

{[%evp 9,109,-29,-26,-30,-44,-41,-26,-41,-38,-47,-44,-44,-35,-42,-40,-72,-68,-137,-112,-268,-116,-113,-82,-91,-90,-112,-56,-104,-111,-134,-89,-245,-254,-267,209,216,249,196,204,144,193,178,218,164,162,164,367,369,448,441,471,454,490,491,613,611,673,602,824,795,919,895,869,838,1528,1527,1379,1254,1372,611,608,593,555,425,370,305,305,305,290,283,610,343,746,355,470,455,403,379,379,351,337,286,630,628,617,600,12840,12835,12842,12841,12844,2585]} 1. Nf3 d5 2. g3 g6 3. Bg2 Bg7 4. O-O e5 5. d4 e4 6. Ne1 {A07: Réti Opening: New York and Capablanca Systems.} f5 7. c4 {[#]} c6 $146 ({Predecessor:} 7... dxc4 8. Qa4+ c6 9. Qxc4 Qxd4 10. Qb3 Qb6 11. Qc2 Na6 12. Nc3 Nb4 13. Qd1 Be6 {½-½ (31) Astegno,R-Amovilli,M Italy 1991}) 8. cxd5 {Black has an edge.} cxd5 9. Nc3 Nf6 10. Bg5 O-O 11. Nc2 Nc6 12. Ne3 Be6 13. f4 (13. Nc2 $15) 13... h6 14. Bxf6 $2 (14. Bh4 $17) 14... Bxf6 (14... Qxf6 $19 {is more deadly.} 15. Qc1 Rac8) 15. Nc2 $17 Kg7 16. e3 a6 17. a3 b5 (17... h5 $17) 18. Qd2 Na5 19. Qe2 Nc4 20. Rac1 $2 (20. b3 $17 {was called for.} Na5 21. Rfb1) 20... Nxb2 $19 21. Nb4 Qd6 $4 {[%mdl 8192]} (21... Nc4 $19 {and life is good for Black. Strongly threatening ...Qd6.} 22. a4 Qd7 23. axb5 axb5) 22. Qxb2 $18 {White stays focused until the end.} Rfc8 23. Ne2 Rc4 24. Rxc4 dxc4 25. Nc3 Bd7 26. Rd1 a5 {[#]} 27. Nc2 $1 Be7 $2 (27... Rb8 {was worth a try.} 28. Rb1 Kh7) 28. Nxb5 Rb8 29. a4 {[%cal Ba3a4,Ba4b5,Bb5b6,Bb6b7][%mdl 32]} ({Not} 29. Nxd6 Rxb2 30. Nxc4 Rxc2 $11) 29... Bxb5 30. axb5 Qd5 31. Rb1 a4 32. Bf1 Ra8 33. Qc3 Rc8 34. b6 a3 35. b7 Rb8 36. Bxc4 Qc6 37. d5+ Qf6 38. Qxf6+ Kxf6 39. Nxa3 Bxa3 {[%mdl 4096] Endgame KRB-KRB} 40. Rb6+ Ke7 41. Bb5 Bd6 42. Bc6 Kd8 43. Ra6 Kc7 44. Kg2 g5 $2 (44... Bc5 45. Kf2 Rf8) 45. Ra8 Bc5 $2 (45... g4 46. Kf1 Bf8) 46. Kf2 (46. fxg5 $142 hxg5 47. h4 Rxb7 48. Bxb7 Kxb7 49. Re8) 46... g4 47. Ke2 h5 48. Ra4 Be7 49. Rc4 h4 50. Rc1 Kd6 $2 (50... Ba3 51. Ra1 Be7) 51. gxh4 {White is clearly winning.} Bxh4 {[#]} 52. h3 $1 Rxb7 (52... gxh3 53. Rh1) 53. Bxb7 Ke7 54. Rc6 Ke8 55. Re6+ {Accuracy: White = 58%, Black = 36%.} 1-0

[Event "Stay Safe Play From Home 245"]
[Site "Emanuel Lasker Arena"]
[Date "2020.06.22"]
[Round "3"]
[White "Lamborghini"]
[Black "SoulofWolf"]
[Result "0-1"]
[WhiteElo "2189"]
[BlackElo "2187"]
[PlyCount "104"]
[EventDate "2020.06.22"]
[EventType "swiss (blitz)"]

1. e4 {[%emt 0:00:01]} b6 {[%emt 0:00:00]} 2. d4 {[%emt 0:00:01]} e6 {[%emt 0:00:00]} 3. Nc3 {[%emt 0:00:01]} Bb7 {[%emt 0:00:00]} 4. a3 {[%emt 0:00:01]} c5 {[%emt 0:00:01]} 5. d5 {[%emt 0:00:01]} exd5 {[%emt 0:00:00]} 6. exd5 {[%emt 0:00:01]} d6 {[%emt 0:00:01]} 7. Nf3 {[%emt 0:00:01]} Be7 {[%emt 0:00:00]} 8. Bb5+ {[%emt 0:00:01]} Nd7 {[%emt 0:00:01]} 9. a4 {[%emt 0:00:01]} Ngf6 {[%emt 0:00:00]} 10. a5 {[%emt 0:00:01]} O-O {[%emt 0:00:01]} 11. a6 {[%emt 0:00:01]} Bc8 {[%emt 0:00:03]} 12. O-O {[%emt 0:00:01]} Rb8 {[%emt 0:00:01]} 13. h3 {[%emt 0:00:01]} Re8 {[%emt 0:00:01]} 14. Re1 {[%emt 0:00:01]} Rf8 {[%emt 0:00:01]} 15. Bf4 {[%emt 0:00:01]} h6 {[%emt 0:00:02]} 16. Nd2 {[%emt 0:00:01]} Nh7 {[%emt 0:00:04]} 17. Nc4 {[%emt 0:00:01]} Ndf6 {[%emt 0:00:01]} 18. Qf3 {[%emt 0:00:02]} Bd7 {[%emt 0:00:04]} 19. Re2 {[%emt 0:00:01]} Bxb5 {[%emt 0:00:00]} 20. Nxb5 {[%emt 0:00:01]} Re8 {[%emt 0:00:00]} 21. Rae1 {[%emt 0:00:02]} Ng5 {[%emt 0:00:02]} 22. Bxg5 {[%emt 0:00:01]} hxg5 {[%emt 0:00:00]} 23. Qf5 {[%emt 0:00:02]} Rc8 {[%emt 0:00:03]} 24. b3 {[%emt 0:00:01]} Rb8 {[%emt 0:00:01]} 25. Ne3 {[%emt 0:00:02]} Nd7 {[%emt 0:00:06]} 26. Nc4 {[%emt 0:00:03]} g6 {[%emt 0:00:02]} 27. Qf3 {[%emt 0:00:03]} Nf6 {[%emt 0:00:01]} 28. Kh2 {[%emt 0:00:03]} Kg7 {[%emt 0:00:01]} 29. Qc3 {[%emt 0:00:01]} Qd7 {[%emt 0:00:01]} 30. Re3 {[%emt 0:00:03]} Bf8 {[%emt 0:00:01]} 31. Rf3 {[%emt 0:00:02]} Rxe1 {[%emt 0:00:01]} 32. Qxf6+ {[%emt 0:00:01]} Kg8 {[%emt 0:00:03]} 33. Nbxd6 {[%emt 0:00:02]} Bg7 {[%emt 0:00:00]} 34. Qxg5 {[%emt 0:00:02]} Rf8 {[%emt 0:00:02]} 35. Ne4 {[%emt 0:00:01]} Qc7+ {[%emt 0:00:01]} 36. d6 {[%emt 0:00:01]} Qd7 {[%emt 0:00:02]} 37. Nf6+ {[%emt 0:00:01]} Bxf6 {[%emt 0:00:01]} 38. Qxf6 {[%emt 0:00:00]} Qe6 {[%emt 0:00:02]} 39. Qf4 {[%emt 0:00:01]} g5 {[%emt 0:00:01]} 40. Qxg5+ {[%emt 0:00:01]} Qg6 {[%emt 0:00:00]} 41. Qxg6+ {[%emt 0:00:01]} fxg6 {[%emt 0:00:01]} 42. Rxf8+ {[%emt 0:00:02]} Kxf8 {[%emt 0:00:00]} 43. Nxb6 {[%emt 0:00:01]} Rd1 {[%emt 0:00:01]} 44. Nd7+ {[%emt 0:00:01]} Ke8 {[%emt 0:00:00]} 45. Nxc5 {[%emt 0:00:00]} Kd8 {[%emt 0:00:00]} 46. Ne4 {[%emt 0:00:02]} Rd2 {[%emt 0:00:00]} 47. f3 {[%emt 0:00:01]} Rd1 {[%emt 0:00:00]} 48. Kg3 {[%emt 0:00:00]} Rc1 {[%emt 0:00:01]} 49. Kf4 {[%emt 0:00:00]} Rxc2 {[%emt 0:00:00]} 50. Ke5 {[%emt 0:00:00]} Rb2 {[%emt 0:00:00]} 51. Ke6 {[%emt 0:00:00]} Rxb3 {[%emt 0:00:00]} 52. Nf6 {[%emt 0:00:00]} Re3+ {[%emt 0:00:01] Zeit (Lag: Av=0.40s, max=6.0s)} 0-1

[Event "Stay Safe Play From Home 245"]
[Site "Emanuel Lasker Arena"]
[Date "2020.06.22"]
[Round "3"]
[White "Lazieri3"]
[Black "Trotsky"]
[Result "1-0"]
[WhiteElo "2144"]
[BlackElo "1571"]
[PlyCount "45"]
[EventDate "2020.06.22"]
[EventType "swiss (blitz)"]

1. e4 {[%emt 0:00:01]} c5 {[%emt 0:00:01]} 2. Nc3 {[%emt 0:00:00]} e6 {[%emt 0:00:01]} 3. d3 {[%emt 0:00:00]} d5 {[%emt 0:00:01]} 4. exd5 {[%emt 0:00:01]} exd5 {[%emt 0:00:02]} 5. Nf3 {[%emt 0:00:00]} Be6 {[%emt 0:00:01]} 6. Bg5 {[%emt 0:00:01]} f6 {[%emt 0:00:01]} 7. Bh4 {[%emt 0:00:01]} Nc6 {[%emt 0:00:01]} 8. Bg3 {[%emt 0:00:01]} a6 {[%emt 0:00:01]} 9. Be2 {[%emt 0:00:01]} Bd6 {[%emt 0:00:01]} 10. O-O {[%emt 0:00:01]} Qc7 {[%emt 0:00:01]} 11. Bxd6 {[%emt 0:00:01]} Qxd6 {[%emt 0:00:01]} 12. d4 {[%emt 0:00:00]} c4 {[%emt 0:00:01]} 13. Qd2 {[%emt 0:00:04]} h5 {[%emt 0:00:02]} 14. g3 {[%emt 0:00:01]} Nh6 {[%emt 0:00:01]} 15. Qf4 {[%emt 0:00:01]} Qxf4 {[%emt 0:00:08]} 16. gxf4 {[%emt 0:00:00]} g5 {[%emt 0:00:01]} 17. fxg5 {[%emt 0:00:01]} fxg5 {[%emt 0:00:02]} 18. Nxg5 {[%emt 0:00:01]} Bg4 {[%emt 0:00:03]} 19. Bxg4 {[%emt 0:00:02]} hxg4 {[%emt 0:00:02]} 20. Nxd5 {[%emt 0:00:01]} O-O-O {[%emt 0:00:02]} 21. Nb6+ {[%emt 0:00:06]} Kc7 {[%emt 0:00:04]} 22. Nxc4 {[%emt 0:00:00]} Rxd4 {[%emt 0:00:02]} 23. Ne6+ {[%emt 0:00:01] Trotsky Ñäàåòñÿ (Lag: Av=0.61s, max=5.5s)} 1-0

[Event "Stay Safe Play From Home 245"]
[Site "Emanuel Lasker Arena"]
[Date "2020.06.22"]
[Round "3"]
[White "Bishop91"]
[Black "Shyamph1980"]
[Result "1-0"]
[WhiteElo "1755"]
[BlackElo "1537"]
[Annotator "NA"]
[PlyCount "53"]
[EventDate "2020.06.22"]
[EventType "swiss (blitz)"]

1. e4 {[%emt 0:00:01]} c5 {[%emt 0:00:01]} 2. Nf3 {[%emt 0:00:00]} e6 {[%emt 0:00:01]} 3. d4 {[%emt 0:00:00]} cxd4 {[%emt 0:00:01]} 4. Nxd4 {[%emt 0:00:00]} a6 {[%emt 0:00:01]} 5. c4 {[%emt 0:00:01]} Qc7 {[%emt 0:00:01]} 6. Nc3 {[%emt 0:00:00]} Nf6 {[%emt 0:00:02]} 7. f3 {[%emt 0:00:00]} Bb4 {[%emt 0:00:01]} 8. Be2 {[%emt 0:00:01]} Nc6 {[%emt 0:00:01]} 9. O-O {[%emt 0:00:01]} Ne5 {[%emt 0:00:02]} 10. Be3 {[%emt 0:00:01]} Nxc4 {[%emt 0:00:02]} 11. Bxc4 {[%emt 0:00:03]} Qxc4 {[%emt 0:00:01]} 12. Rc1 {[%emt 0:00:00]} Bxc3 {[%emt 0:00:09]} 13. Rxc3 {[%emt 0:00:02]} Qxa2 {[%emt 0:00:01]} 14. Bg5 {[%emt 0:00:09]} O-O {[%emt 0:00:06]} 15. Bxf6 {[%emt 0:00:01]} gxf6 {[%emt 0:00:01]} 16. Qd2 {[%emt 0:00:00]} Qa5 {[%emt 0:00:01]} 17. f4 {[%emt 0:00:05]} Qh5 {[%emt 0:00:01]} 18. Rg3+ {[%emt 0:00:01]} Kh8 {[%emt 0:00:01]} 19. f5 {[%emt 0:00:00]} e5 {[%emt 0:00:03]} 20. Nf3 {[%emt 0:00:01]} Rg8 {[%emt 0:00:02]} 21. Rxg8+ {[%emt 0:00:05]} Kxg8 {[%emt 0:00:01]} 22. Qd6 {[%emt 0:00:00]} Qg4 {[%emt 0:00:05]} 23. Qxf6 {[%emt 0:00:03]} Qxe4 {[%emt 0:00:01]} 24. Qd8+ {[%emt 0:00:01]} Kg7 {[%emt 0:00:01]} 25. f6+ {[%emt 0:00:00]} Kg6 {[%emt 0:00:02]} 26. Qe7 {[%emt 0:00:01]} Qf5 {[%emt 0:00:06]} 27. Nxe5+ {[%emt 0:00:01] Time (Lag: Av=0.75s, max=5.9s) Shyamph1980 resigns} 1-0

[Event "Stay Safe Play From Home 245"]
[Site "Emanuel Lasker Arena"]
[Date "2020.06.22"]
[Round "3"]
[White "grazie"]
[Black "Justwatch"]
[Result "1-0"]
[WhiteElo "1751"]
[BlackElo "1836"]
[Annotator "NA"]
[PlyCount "49"]
[EventDate "2020.06.22"]
[EventType "swiss (blitz)"]

1. d4 {[%emt 0:00:01]} Nf6 {[%emt 0:00:00]} 2. c3 {[%emt 0:00:00]} d5 {[%emt 0:00:00]} 3. g3 {[%emt 0:00:00]} g6 {[%emt 0:00:00]} 4. Bg2 {[%emt 0:00:00]} Bg7 {[%emt 0:00:00]} 5. Nf3 {[%emt 0:00:00]} O-O {[%emt 0:00:01]} 6. Bg5 {[%emt 0:00:00]} Bg4 {[%emt 0:00:00]} 7. Bxf6 {[%emt 0:00:00]} Bxf3 {[%emt 0:00:00]} 8. Bxf3 {[%emt 0:00:03]} Bxf6 {[%emt 0:00:01]} 9. Nd2 {[%emt 0:00:00]} Nc6 {[%emt 0:00:01]} 10. e4 {[%emt 0:00:00]} dxe4 {[%emt 0:00:01]} 11. Nxe4 {[%emt 0:00:00]} Bg7 {[%emt 0:00:01]} 12. O-O {[%emt 0:00:01]} Qd7 {[%emt 0:00:02]} 13. Nc5 {[%emt 0:00:02]} Qc8 {[%emt 0:00:01]} 14. Bxc6 {[%emt 0:00:01]} bxc6 {[%emt 0:00:00]} 15. b4 {[%emt 0:00:01]} a6 {[%emt 0:00:01]} 16. a4 {[%emt 0:00:01]} a5 {[%emt 0:00:01]} 17. Qf3 {[%emt 0:00:04]} axb4 {[%emt 0:00:01]} 18. cxb4 {[%emt 0:00:01]} Bxd4 {[%emt 0:00:01]} 19. Ra2 {[%emt 0:00:03]} Bxc5 {[%emt 0:00:02]} 20. bxc5 {[%emt 0:00:01]} Qe6 {[%emt 0:00:02]} 21. Ra3 {[%emt 0:00:08]} Rfb8 {[%emt 0:00:04]} 22. Rd1 {[%emt 0:00:05]} Rb4 {[%emt 0:00:02]} 23. Qc3 {[%emt 0:00:01]} Rbxa4 {[%emt 0:00:04]} 24. Rxa4 {[%emt 0:00:01]} Rxa4 {[%emt 0:00:01]} 25. Rd8# {[%emt 0:00:00] (Lag: Av=0.66s, max=5.4s)} 1-0

[Event "Stay Safe Play From Home 245"]
[Site "Emanuel Lasker Arena"]
[Date "2020.06.22"]
[Round "3"]
[White "Klasman"]
[Black "Bardellosport"]
[Result "0-1"]
[WhiteElo "1231"]
[BlackElo "2009"]
[PlyCount "54"]
[EventDate "2020.06.22"]
[EventType "swiss (blitz)"]

1. f4 {[%emt 0:00:01]} Nc6 {[%emt 0:00:01]} 2. e4 {[%emt 0:00:01]} g6 {[%emt 0:00:00]} 3. d4 {[%emt 0:00:02]} d6 {[%emt 0:00:01]} 4. Nf3 {[%emt 0:00:02]} Bg7 {[%emt 0:00:01]} 5. Bb5 {[%emt 0:00:02]} Bd7 {[%emt 0:00:01]} 6. Bxc6 {[%emt 0:00:02]} bxc6 {[%emt 0:00:01]} 7. Nc3 {[%emt 0:00:02]} e5 {[%emt 0:00:01]} 8. Be3 {[%emt 0:00:04]} Qe7 {[%emt 0:00:01]} 9. O-O {[%emt 0:00:02]} Nf6 {[%emt 0:00:01]} 10. fxe5 {[%emt 0:00:01]} dxe5 {[%emt 0:00:00]} 11. dxe5 {[%emt 0:00:01]} Ng4 {[%emt 0:00:02]} 12. Bg5 {[%emt 0:00:04]} f6 {[%emt 0:00:02]} 13. exf6 {[%emt 0:00:02]} Bxf6 {[%emt 0:00:01]} 14. Bxf6 {[%emt 0:00:04]} Nxf6 {[%emt 0:00:00]} 15. e5 {[%emt 0:00:02]} Ng4 {[%emt 0:00:02]} 16. Qd4 {[%emt 0:00:07]} c5 {[%emt 0:00:03]} 17. Qd5 {[%emt 0:00:04]} c6 {[%emt 0:00:07]} 18. Qd6 {[%emt 0:00:01]} Qxd6 {[%emt 0:00:01]} 19. exd6 {[%emt 0:00:01]} O-O {[%emt 0:00:00]} 20. h3 {[%emt 0:00:02]} Ne3 {[%emt 0:00:01]} 21. Rf2 {[%emt 0:00:04]} Nc4 {[%emt 0:00:01]} 22. b3 {[%emt 0:00:02]} Nxd6 {[%emt 0:00:01]} 23. Rd1 {[%emt 0:00:02]} Nf5 {[%emt 0:00:00]} 24. Rxd7 {[%emt 0:00:02]} Ne3 {[%emt 0:00:00]} 25. Re2 {[%emt 0:00:01]} Nd5 {[%emt 0:00:02]} 26. Nxd5 {[%emt 0:00:02]} cxd5 {[%emt 0:00:00]} 27. Ree7 {[%emt 0:00:01]} Rae8 {[%emt 0:00:00] Time (Lag: Av=0.49s, max=5.6s)} 0-1